| 000 | 00939cam a22003135a 4500 | ||
|---|---|---|---|
| 001 | 017557376 | ||
| 003 | OSt | ||
| 005 | 20160302114949.0 | ||
| 008 | 150903s2016 enka frbd 001 0 eng d | ||
| 020 | _a9781292096131 (paperback) | ||
| 020 | _a1292096136 (paperback) | ||
| 038 | _aOCoLC | ||
| 040 |
_aUK-WkNB _beng _cUK-WkNB _dIeDuTC _dEG-ScBUE |
||
| 082 | 0 | 4 |
_a005.1 _bSOM _222 |
| 100 | 1 |
_aSommerville, Ian, _d1951- _934898 |
|
| 245 | 1 | 0 |
_aSoftware engineering / _cIan Sommerville. |
| 250 | _a10th ed., Global ed. | ||
| 260 |
_aHarlow : _bPearson Education Limited, _cc.2016. |
||
| 300 |
_a810 p. : _bill. ; _c24 cm. |
||
| 500 | _aPrevious edition: 2011. | ||
| 500 | _aIncludes indexes. | ||
| 500 | _aGlossary : p. [757]-775. | ||
| 504 | _aIncludes bibliographical references. | ||
| 650 | 7 |
_aSoftware engineering. _2BUEsh _93832 |
|
| 651 | _2BUEsh | ||
| 653 |
_bCOMSCI _cMarch2016 |
||
| 655 |
_vText book _933728 |
||
| 942 | _2ddc | ||
| 999 |
_c21301 _d21273 |
||